The global governance of food
Αποθηκεύτηκε σε:
| Άλλοι συγγραφείς: | |
|---|---|
| Μορφή: | Βιβλίο |
| Γλώσσα: | English |
| Δημοσίευση: |
London :
Routledge,
2009
|
| Σειρά: | Rethinking globalizations
|
| Θέματα: | |
| Ετικέτες: |
Προσθήκη ετικέτας
Δεν υπάρχουν, Καταχωρήστε ετικέτα πρώτοι!
|
MARC
| LEADER | 00000nam a2200000 i 4500 | ||
|---|---|---|---|
| 001 | 1/25527 | ||
| 008 | 130206s2009 eng d | ||
| 020 | |a 978-0-415-45162-8 | ||
| 035 | |l 10113659 | ||
| 040 | |a GR-MY-UA |b gre |e aacr | ||
| 041 | 0 | |a eng | |
| 082 | 0 | |a 338.181 |2 (22) | |
| 245 | 1 | 4 | |a The global governance of food / |c edited by Sara R. Curran... [et al.] |
| 260 | |a London : |b Routledge, |c 2009 | ||
| 300 | |a 225 σ.; |c 25 εκ. | ||
| 490 | 1 | |a Rethinking globalizations | |
| 650 | 0 | 0 | |a Food industry and trade |x Government policy. |
| 650 | 0 | 0 | |a Food supply |x International cooperation. |
| 700 | 1 | |a Curran, Sara R. |4 edt | |
| 830 | 0 | |a Rethinking globalizations | |
| 852 | |a INST |b LEMNOS |e 20130206 |h 338.181 GLO |p 005600000694 |q 005600000694 |t BK |y 0 | ||
| 901 | |a BIBL6-2013-1 | ||
| 909 | |a Μ |b 177719 | ||
| 922 | |a 6ΕΛΗ |b 2012 |c ΠΑΡΑΡΤΗΜΑ ΒΙΒΛΙΟΘΗΚΗΣ ΛΗΜΝΟΥ |d ΙΩΑΝΝΙΔΟΥ | ||
| 970 | |a ΤΣΟΥΚΑΛΑ |b ΑΛΙΚΗ |z 2013/01/ | ||